<?xml version="1.0" encoding="UTF-8"?>
<record
    xmlns:xsi="http://www.w3.org/2001/XMLSchema-instance"
    xsi:schemaLocation="http://www.loc.gov/MARC21/slim http://www.loc.gov/standards/marcxml/schema/MARC21slim.xsd"
    xmlns="http://www.loc.gov/MARC21/slim">

  <leader>02403nam a2200337   4500</leader>
  <controlfield tag="001">49</controlfield>
  <controlfield tag="003">OSt</controlfield>
  <controlfield tag="005">20250528074010.0</controlfield>
  <controlfield tag="008">250122b        |||||||g |||| 00| 1 eng d</controlfield>
  <datafield tag="040" ind1=" " ind2=" ">
    <subfield code="b">por</subfield>
  </datafield>
  <datafield tag="041" ind1=" " ind2=" ">
    <subfield code="h">eng</subfield>
    <subfield code="a">por</subfield>
  </datafield>
  <datafield tag="082" ind1=" " ind2=" ">
    <subfield code="a">813</subfield>
    <subfield code="b">B457t</subfield>
  </datafield>
  <datafield tag="100" ind1="1" ind2=" ">
    <subfield code="a">Benchley, Peter,</subfield>
    <subfield code="d">1940-2006</subfield>
    <subfield code="9">140</subfield>
  </datafield>
  <datafield tag="240" ind1=" " ind2=" ">
    <subfield code="a">Jaws</subfield>
  </datafield>
  <datafield tag="245" ind1=" " ind2=" ">
    <subfield code="a">Tubar&#xE3;o /</subfield>
    <subfield code="c">Benchly, Peter ; Tradu&#xE7;&#xE3;o de A. B. Pinheiro de Lemos</subfield>
  </datafield>
  <datafield tag="250" ind1=" " ind2=" ">
    <subfield code="a">6&#xB0; edi&#xE7;&#xE3;o</subfield>
  </datafield>
  <datafield tag="260" ind1=" " ind2=" ">
    <subfield code="a">S&#xE3;o Paulo</subfield>
    <subfield code="b">Abril</subfield>
    <subfield code="c">1984</subfield>
  </datafield>
  <datafield tag="300" ind1=" " ind2=" ">
    <subfield code="a">335 p.</subfield>
  </datafield>
  <datafield tag="490" ind1="1" ind2=" ">
    <subfield code="a">Grandes Sucessos - Abril Cultural</subfield>
  </datafield>
  <datafield tag="520" ind1=" " ind2=" ">
    <subfield code="a">Voc&#xEA; n&#xE3;o est&#xE1; vendo, mas ele est&#xE1; l&#xE1; no fundo, observando suas pernas se mexerem nas &#xE1;guas turvas. A mais perfeita m&#xE1;quina assassina da natureza, o predador que mant&#xE9;m seu posto no topo da cadeia alimentar desde a &#xE9;poca dos dinossauros. Um torpedo de carne, ossos e dentes. N&#xE3;o h&#xE1; para onde fugir. Se voc&#xEA; sempre devorou livros, chegou a hora da revanche. Tubar&#xE3;o &#xE9; o cl&#xE1;ssico romance de Peter Benchley que deu origem ao primeiro blockbuster de Spielberg. Mas, mesmo antes do sucesso na telona, o frenesi alimentar de Jaws se transformou num fen&#xF4;meno de vendas. O best-seller internacional foi o principal respons&#xE1;vel em elevar a fera de barbatanas dorsais ao status de perfeita encarna&#xE7;&#xE3;o do mal. Se j&#xE1; existiu um bicho-pap&#xE3;o na natureza, ele est&#xE1; dentro d&#x2019;&#xE1;gua. A hist&#xF3;ria se passa em Amity, um balne&#xE1;rio ficcional situado em Long Island, Nova York. Quando o corpo de uma turista &#xE9; encontrado na praia o chefe de pol&#xED;cia Martin Brody ordena o fechamento das praias da regi&#xE3;o. O prefeito Larry Vaughan, por&#xE9;m, mais preocupado com o dinheiro dos veranistas, consegue abafar a not&#xED;cia e libera o banho de mar na cidade. O banquete est&#xE1; servido. O impacto dessa obra pop foi t&#xE3;o violento, que gera&#xE7;&#xF5;es passaram a pensar duas vezes antes de cair no mar. O resultado, al&#xE9;m das intermin&#xE1;veis semanas do tubar&#xE3;o na tv a cabo, foi a persegui&#xE7;&#xE3;o desenfreada a esses peixes de dentes afiados. Benchley se tornou um ativista contra a matan&#xE7;a indiscriminada dos tubar&#xF5;es. </subfield>
  </datafield>
  <datafield tag="650" ind1=" " ind2="0">
    <subfield code="a">Literatura Americana</subfield>
    <subfield code="9">84</subfield>
  </datafield>
  <datafield tag="650" ind1=" " ind2="0">
    <subfield code="a">Terror</subfield>
    <subfield code="9">141</subfield>
  </datafield>
  <datafield tag="650" ind1=" " ind2="0">
    <subfield code="a">Suspense</subfield>
    <subfield code="9">10</subfield>
  </datafield>
  <datafield tag="650" ind1=" " ind2="0">
    <subfield code="a">Animais </subfield>
    <subfield code="9">59</subfield>
  </datafield>
  <datafield tag="650" ind1=" " ind2="0">
    <subfield code="a">Cl&#xE1;ssicos</subfield>
    <subfield code="9">77</subfield>
  </datafield>
  <datafield tag="655" ind1=" " ind2="0">
    <subfield code="a">Romance</subfield>
    <subfield code="9">23</subfield>
  </datafield>
  <datafield tag="655" ind1=" " ind2="0">
    <subfield code="a">Fic&#xE7;&#xE3;o </subfield>
    <subfield code="9">22</subfield>
  </datafield>
  <datafield tag="700" ind1=" " ind2=" ">
    <subfield code="a">A. B. Pinheiro de Lemos</subfield>
    <subfield code="e">Tradutor</subfield>
    <subfield code="9">109</subfield>
  </datafield>
  <datafield tag="830" ind1=" " ind2=" ">
    <subfield code="a">Grandes Sucessos - Abril Cultural</subfield>
    <subfield code="9">142</subfield>
  </datafield>
  <datafield tag="942" ind1=" " ind2=" ">
    <subfield code="2">ddc</subfield>
    <subfield code="n">0</subfield>
    <subfield code="c">BK</subfield>
  </datafield>
  <datafield tag="952" ind1=" " ind2=" ">
    <subfield code="0">0</subfield>
    <subfield code="1">0</subfield>
    <subfield code="2">ddc</subfield>
    <subfield code="4">0</subfield>
    <subfield code="7">0</subfield>
    <subfield code="8">FIC</subfield>
    <subfield code="a">BIBIB</subfield>
    <subfield code="b">BIBIB</subfield>
    <subfield code="c">LE</subfield>
    <subfield code="d">2022-10-18</subfield>
    <subfield code="e">doa&#xE7;&#xE3;o</subfield>
    <subfield code="l">0</subfield>
    <subfield code="o">813 / B457t</subfield>
    <subfield code="p">2025-16611</subfield>
    <subfield code="r">2025-01-20 08:34:18</subfield>
    <subfield code="w">2025-01-20</subfield>
    <subfield code="y">BK</subfield>
  </datafield>
  <datafield tag="999" ind1=" " ind2=" ">
    <subfield code="c">49</subfield>
    <subfield code="d">49</subfield>
  </datafield>
</record>
